| 000 | 01325nam1a22002771i 4500 | ||
|---|---|---|---|
| 001 | rc\468380 | ||
| 005 | 20240726040540.0 | ||
| 035 | _a(NLR Aleph) 005808359 | ||
| 090 |
_a5363976 _c5363976 |
||
| 100 | _a20030616d1987 u |0rusy50 ca | ||
| 101 | 0 | _arus | |
| 102 | _aRU | ||
| 105 | _ay ||||||||| | ||
| 200 | 1 |
_a[Изделия культурного и хозяйственного назначения _eНоменклатур. каталог _eНК 31.9.02-87] _eДополнение... _fМ-во электротехн. пром-сти СССР, ВНИИ информ. и техн.-экон. исслед. в электротехнике (Информэлектро) |
|
| 210 |
_aМ. _cИнформэлектро _d1987 |
||
| 215 | _d22 | ||
| 225 | 1 | _aСерия 31 "Электротехнические товары народного потребления" | |
| 225 | 1 | _aЭлектротехника СССР | |
| 300 | _aНа тит. л. загл.: Дополнение к Номенклатурному каталогу... | ||
| 300 | _aНа обл. только загл. сер. | ||
| 333 | _aДСП. | ||
| 517 | 0 | _aДополнение к Номенклатурному каталогу НК 31.9.02.87 | |
| 801 | 0 |
_aRU _bNLR _gpsbo |
|
| 801 | 1 |
_aRU _bELAR _2rusmarc |
|
| 852 |
_aNLR _j88-50К/5117 |
||
| 942 | _cBOOK | ||